000 00608nam a2200193 i 4500
001 34791
003 ES-MaACL
005 20250827022715.0
007 t|
008 030211s1926 fr ||||1| fre d
100 1 _aBonnard, Roger.
_930228
245 1 0 _aPrécis élémentaire de droit administratif /
_cpar Roger Bonnard.
260 _aParis :
_bRecueil Sirey,
_c1926 (
_eBordeaux :
_fJ. Biere)
300 _a2 t. en 1 v. ;
_c19 cm.
500 _aEl 2º t. corresponde al suplemento.
650 0 7 _aDerecho administrativo
_2embne
_911642
852 _aES-MaACL
_jA-2854
999 _c34791
_d34791